Chozrasčotné vzťahy v rozvinutom socializme záverečná práca postgraduálneho štúdia

Saved in:
Bibliographic Details
Main Author: Porubský, Milan
Corporate Author: Vysoká škola ekonomická v Bratislave
Other Authors: Laučík, Zdenko
Format: Book
Language:Slovak
Published: Bratislava 1988
Tags: Add Tag
No Tags, Be the first to tag this record!

MARC

LEADER 00000nam a2200000 4500
001 c027232
005 20221219091637.1
041 0 |a slo 
044 |a SK 
245 1 0 |a Chozrasčotné vzťahy v rozvinutom socializme  |b záverečná práca postgraduálneho štúdia  |c Milan Porubský ; Ved. práce Zdenko Laučík 
264 1 |a Bratislava  |c 1988 
300 |a 94 s. 
100 1 |a Porubský, Milan 
700 1 |a Laučík, Zdenko 
710 2 |a Vysoká škola ekonomická v Bratislave